| 000 | 00418nam a22001817a 4500 | ||
|---|---|---|---|
| 005 | 20180414104602.0 | ||
| 008 | 160517b xxu||||| |||| 00| 0 eng d | ||
| 020 | _a81-7446-244-9 | ||
| 041 | _aeng | ||
| 082 |
_b2583 _a346.07 |
||
| 100 |
_a2583 _9712 |
||
| 110 |
_aS.S.Gulshan _9713 |
||
| 245 | _aBusiness Law | ||
| 260 |
_aNew Delhi _bExcel Books, _c2001 |
||
| 300 | _a685 | ||
| 650 |
_aManagement _9241 |
||
| 942 | _cBK | ||
| 999 |
_c953 _d953 |
||